Countries That Border the 10 Largest Countries - Statistics

General Stats
  • This quiz has been taken 727 times
  • The average score is 40 of 48
Answer Stats
Border Country % Correct
United States Canada
94%
United States Mexico
94%
Canada United States
94%
Russia/China Kazakhstan
92%
Russia/China Mongolia
92%
Brazil Argentina
91%
Russia/Kazakhstan China
91%
Russia/China North Korea
91%
Russia Ukraine
90%
China/India Nepal
89%
China/India Pakistan
89%
Brazil/Argentina Uruguay
88%
Russia Finland
87%
Russia Belarus
86%
China/India Bhutan
86%
Brazil Colombia
86%
Brazil/Argentina Paraguay
86%
China Afghanistan
85%
Russia Estonia
85%
Russia Latvia
85%
Russia Lithuania
85%
Brazil Venezuela
85%
China Vietnam
85%
Brazil/Argentina Bolivia
84%
Brazil Suriname
84%
Brazil Guyana
83%
China India
83%
China/Kazakhstan Kyrgyzstan
83%
Brazil Peru
83%
China Russia
82%
China Tajikistan
82%
Russia Azerbaijan
81%
China/India Myanmar
81%
Kazakhstan Uzbekistan
81%
India Bangladesh
79%
Russia Georgia
79%
China Laos
79%
Algeria Morocco
79%
Kazakhstan Turkmenistan
77%
Algeria Mali
76%
Russia Poland
76%
Algeria Tunisia
76%
Algeria Libya
75%
Argentina Chile
74%
Russia Norway
74%
Brazil France
73%
Algeria Niger
71%
Algeria Mauritania
70%
No matching quizzes found
Score Distribution
Percent of People with Each Score
Percentile by Number Answered
Your Score History
You have not taken this quiz